[Event "Olot dels Volcans op"]
[Site "Olot"]
[Date "2010.06.12"]
[Round "7"]
[White "Diaz Comas, Jordi"]
[Black "Morales Paytuvi, Daniel"]
[Result "1/2-1/2"]
[WhiteElo "2064"]
[BlackElo "1869"]
[PlyCount "120"]
[EventDate "2010.05.22"]
[EventType "swiss"]
[EventRounds "8"]
[EventCountry "ESP"]
[SourceTitle "EXT 2024"]
[Source "ChessBase"]
[SourceDate "2023.10.10"]
[SourceVersion "1"]
[SourceVersionDate "2023.10.10"]
[SourceQuality "1"]

1. d4 d5 2. c4 e6 3. Nf3 Nf6 4. g3 b6 5. Bg2 Bb7 6. Nc3 Nbd7 7. 0-0 c5 8. Re1 Be7 9. e4 dxe4 10. Ng5 cxd4 11. Qxd4 Nc5 12. Qxd8+ Rxd8 13. Ngxe4 Nfxe4 14. Nxe4 Bxe4 15. Bxe4 Nxe4 16. Rxe4 Rd1+ 17. Kg2 Bb4 18. Re2 0-0 19. a3 Bc5 20. Rd2 Rxd2 21. Bxd2 Rd8 22. Bc3 Rd3 23. Kf1 f6 24. Ke2 Rd7 25. b4 Be7 26. Bd2 Kf7 27. Rc1 Rc7 28. Rc2 e5 29. Be3 Ke6 30. Kd3 g6 31. Kc3 Kd7 32. Kb3 Kc6 33. c5 bxc5 34. Bxc5 Bxc5 35. Rxc5+ Kb6 36. Rxc7 Kxc7 37. Kc4 Kc6 38. a4 f5 39. f3 g5 40. b5+ Kd6 41. a5 g4 42. fxg4 f4 43. gxf4 exf4 44. Kd4 f3 45. Ke3 f2 46. Kxf2 Kc5 47. b6 axb6 48. axb6 Kxb6 49. Ke3 Kc6 50. Ke4 Kd7 51. Kf5 Ke7 52. Kg5 Kf7 53. Kh6 Kg8 54. h4 Kh8 55. Kg5 Kg8 56. Kf6 Kf8 57. g5 h6 58. g6 Kg8 59. Ke6 Kf8 60. Ke5 Ke7 1/2-1/2